000 00397cam a22001217a 4500
008 180718b1992 xxu||||| |||| 00| 0 eng d
082 _aA81x54 In2/81/4/Pt8A&B/5
100 _aCensus of India 1981
245 _aBihar: household tables on scheduled castes
260 _aDelhi
_bController of Publications
_c1992
300 _a1511+p.
440 _aCensus of India. Series-4, Bihar. Part-VIII-A & B (v)
999 _c475466
_d475466